000 01038nam0a22002771 4500
001 rc\3704616
005 20260407074223.0
021 _aRU
_bРг11172-74
035 _a(NLR Aleph) 007764745
090 _a7404888
_c7404888
100 _a20130115d1974 |||y0rusy50 ca
101 0 _arus
102 _aRU
105 _aa b |||||
200 1 _aКоксотушильный электровоз ЭК13
_e[Каталог]
_fИзготовитель: Тбил. электровозостроит. з-д
210 _aМосква
_cБ. и.
_d[1974]
215 _a7 с.
_cил.
_d29
225 1 _aИнформэлектро
_v10.06.01-74
309 _aБез тит. л. и обл.
532 1 1 _aКоксотушильный электровоз ЭК тринадцать
712 0 2 _aТбилисский электровозостроительный завод им. В. И. Ленина
_9575309
_3RU\NLR\AUTH\8810038234
801 0 _aRU
_bNLR
_gpsbo
801 1 _aRU
_bELAR
_2rusmarc
852 _aNLR
_bСВТЛ
942 _cBOOK
980 _aNB